La dictadura del proletariado (Record no. 166074)

MARC details
000 -LEADER
campo de control de longitud fija 00708nam a22001935i 4500
001 - NÚMERO DE CONTROL
campo de control 166074
003 - IDENTIFICADOR DE NÚMERO DE CONTROL
campo de control ES-MaACL
005 - FECHA Y HORA DE LA ÚLTIMA TRANSACCIÓN
campo de control 20250826005519.0
008 - DATOS DE LONGITUD FIJA--INFORMACIÓN GENERAL
campo de control de longitud fija 010605q19001940sp |||| | spa d
040 ## - FUENTE DE CATALOGACIÓN
Centro catalogador/agencia de origen CCPB | B
Lengua de catalogación spa
Centro/agencia transcriptor CCPB | B
100 1# - ENTRADA PRINCIPAL--NOMBRE DE PERSONA
Nombre de persona Tasín, Nicolás.
9 (RLIN) 109361
245 13 - MENCIÓN DEL TÍTULO
Título La dictadura del proletariado
Resto del título : segun Marx, Engels, Kautsky Bernstein, Axelrod, Lenin, Trotzky y Baüer /
Mención de responsabilidad, etc. por N. Tasin.
260 ## - PUBLICACIÓN, DISTRIBUCIÓN, ETC.
Lugar de publicación, distribución, etc. Madrid :
Nombre del editor, distribuidor, etc. Bilbioteca Nueva,
Fecha de publicación, distribución, etc. [s.a.]
300 ## - DESCRIPCIÓN FÍSICA
Extensión 240 p. ;
Dimensiones 16 cm.
596 ## - NOTA AL PIE DE IMPRENTA
NOTA AL PIE DE IMPRENTA Posiblemente impreso en los primeros cuarenta años del siglo XX.
650 #7 - PUNTO DE ACCESO ADICIONAL DE MATERIA--TÉRMINO DE MATERIA
Término de materia o nombre geográfico como elemento de entrada Movimiento obrero
Fuente del encabezamiento o término embne
9 (RLIN) 15207
852 ## - LOCALIZACIÓN
Ubicación ES-MaACL
Número de control de estantería F-10088
Nota libre -- Rúst.
Holdings
Estatus retirado Estado de pérdida Estado de daño No para préstamo Biblioteca de origen Biblioteca actual Ubicación en estantería Fecha de adquisición Fuente de adquisición Total de préstamos Signatura topográfica completa Código de barras Visto por última vez Precio de reemplazo Tipo de ítem Koha
        Biblioteca del Ateneo de Madrid Biblioteca del Ateneo de Madrid Sala Pecera Planta 2 17/01/2008     F-10088 1174168 23/02/2023 23/02/2023 Libro impreso